Enquanto o mundo passa (Record no. 2044)

MARC details
000 -Etiqueta do registo
Valores 00698nam a2200253 4500
010 ## - Número ISBN
ISBN 9789727933778
021 ## - Número do Depósito Legal
Código do país Portugal
Número 539163/24
100 ## - Dados gerais de processamento
Dados gerais 20260210d2025 c||y0pory50030103ba
101 ## - Língua de publicação
Língua Português
102 ## - País de publicação
País Portugal
200 ## - Titulo e menção de responsabilidade
Título próprio Enquanto o mundo passa
Primeira menção de responsabilidade Jonny Lambert
Outras menções de responsabilidade trad. Pedro Costa
-- Rev. Helder Guégués
205 ## - Menção da edição
Edição 1ª edição
210 ## - Publicação
Local de publicação Estoril
Nome do editor Minutos de Leitura
Data de publicação 2025
215 ## - Descrição física 
Paginação / Volumes [26] p.
Outras indicações físicas il.
Dimensões 28 cm
300 ## - Notas gerais 
Texto da nota BMB-Registado
606 ## - Nome comum usado como assunto
ID Autoridade 863
Palavra de ordem Literatura Infantil
675 ## - CDU
Notação 087.5
Edição BMB
Língua por
700 ## - Autor principal (pessoa individual)
Apelido Lambert
Nome Jonny
ID Autoridade 1082
701 ## - Co-autor principal (pessoa individual)
Apelido Costa
Nome Pedro
Função Tradutor
701 ## - Co-autor principal (pessoa individual)
Apelido Guégués
Nome Helder
Função Revisor
ID Autoridade 1488
801 ## - Fonte de origem
País PT
Agência BMB
Regras de catalogação RPC
990 ## - Elementos KOHA
Tipo de documento Livro
Holdings
Situação do levantamento Estado Número Biblioteca de origem Código de barras Cota Permissão de empréstimo Tipo de documento Forma de aquisição
    1 Biblioteca Municipal de Borba 1994 087.5 LAM / ENQ   Livro Compra
Biblioteca Municipal de Borba

Powered by Koha